000 01189nam a22001937a 4500
999 _c32804
_d32804
005 20251125232924.0
008 s2539 th o tha d
040 _aNALT
086 _aสว 11 4.2 328.31 2539
110 2 _aสำนักงานเลขาธิการวุฒิสภา.
_bศูนย์บริการข้อมูลและกฎหมาย
_96092
245 1 0 _aทำเนียบสมาชิกวุฒิสภา 2539 /
_cศูนย์บริการข้อมูลและกฎหมาย สำนักงานเลขาธิการวุฒิสภา.
260 _aกรุงเทพฯ :
_bศูนย์บริการข้อมูลและกฎหมาย สำนักงานเลขาธิการวุฒิสภา,
_c2539.
300 _a168 หน้า :
_bภาพประกอบ ;
_c29 ซม.
650 0 _aสมาชิกวุฒิสภา
_xทำเนียบนาม
_921338
850 _aNALT
856 4 0 _uhttps://hdl.handle.net/20.500.14156/361439
942 _cPAR
_2local
998 _j25
_k นีลวัสน์ อินทรักษา